| 000 | 00630nam a2200181 i 4500 | ||
|---|---|---|---|
| 001 | 73194 | ||
| 003 | ES-MaACL | ||
| 005 | 20230906171712.0 | ||
| 007 | t| | ||
| 008 | 040907s1947 sp ||||1| spa d | ||
| 100 | 1 |
_aGómez Durán, M. _957940 |
|
| 245 | 1 | 0 |
_aContribución al estudio de las secuelas postraumáticas _b: los síndromes deficitarios fisiopáticos de los traumatismos / _cM. Gómez Durán. |
| 250 | _a[1ª ed.]. | ||
| 260 |
_aBarcelona, etc. : _bSalvat, _c1947 ( _fImp. Hispano-Americana) |
||
| 300 |
_aXV, 325 p. : _bil. ; _c22 cm. |
||
| 852 |
_aES-MaACL _jC-4781 _bR.24355 |
||
| 852 |
_aES-MaACL _jC-4073 _bR.23740 |
||
| 999 |
_c73194 _d73194 |
||